000 00713cam a22002291 4500
001 ne 63000780
003 DLC
005 20260227111744.0
008 890514s1955 ua 000 0bara
010 _ane 63000780
035 _a(OCoLC)23495606
040 _aDLC
_cMiU
_dOCl
_dDLC
042 _apremarc
050 0 0 _aBP75
_b.I2 1955
100 2 _aIbn Hishām, ʻAbd al-Malik,
_d-834.
245 1 0 _aTahdhīb Sīrat Ibn Hishām /
_cʻAbd al-Salām Hārūn.
260 _aal-Qāhirah :
_bDār Saʻd Miṣr,
_c1955.
300 _a2v. ;
_c25 cm.
600 0 0 _aMuḥammad,
_cProphet,
_d-632.
700 1 _aHārūn, ʻAbd al-Salām Muḥammad.
700 2 2 _aIbn Hishām, ʻAbd al-Malik,
_d-834.
_tSīrat Rasūl Allāh.
999 _c45782
_d45782